Music Quiz

Random Music or The Beatles Quiz

Sgt. Peppers Lonely Hearts Club Band at 50 Quiz Stats

 Plays Quiz not verified by Sporcle

Challenge
Share
Tweet
Embed
Score 0/30 Timer 10:00
0 Plays Today
% Correct
???
64.8%
???
61.9%
???
61%
???
57.1%
???
56.2%
???
56.2%
???
56.2%
???
56.2%
???
55.2%
???
55.2%
???
54.3%
???
54.3%
???
54.3%
???
53.3%
???
52.4%
% Correct
???
51.4%
???
50.5%
???
47.6%
???
46.7%
???
42.9%
???
42.9%
???
41.9%
???
41%
???
40%
???
33.3%
???
32.4%
???
31.4%
???
26.7%
???
25.7%
???
18.1%

You're not logged in!

Compare scores with friends on all Sporcle quizzes.
Join for Free
OR
Log In

You Might Also Like...

Show Comments

Extras

Created Jul 16, 2017ReportNominate
Tags:The Beatles Quiz, Sgt Pepper

Top Quizzes Today


Score Distribution

Your Account Isn't Verified!

In order to create a playlist on Sporcle, you need to verify the email address you used during registration. Go to your Sporcle Settings to finish the process.

Report this User

Report this user for behavior that violates our Community Guidelines.

Details: